Top 25 najdroższych piłkarzy - Statystyki

Ogólne statystyki
  • Ten quiz został rozwiązany 88 razy
  • Średni wynik to 13 z 25
Statystyki odpowiedzi
Miejsce Odpowiedź Narodowość % Poprawnych
1 Kylian Mbappé Francja
100%
2 Erling Haaland Norwegia
92%
12 Harry Kane Anglia
78%
3 Vinicius Junior Brazylia
76%
21 Mohamed Salah Egipt
75%
4 Jude Bellingham Anglia
71%
6 Pedri Hiszpania
70%
10 Gavi Hiszpania
68%
22 Kevin De Bruyne Belgia
58%
8 Bukayo Saka Anglia
54%
9 Federico Valverde Urugwaj
54%
7 Jamal Musiala Niemcy
54%
17 Dusan Vlahovic Serbia
50%
5 Phil Foden Anglia
50%
14 Rodrygo Brazylia
49%
19 Bernardo Silva Portugalia
45%
25 Josko Gvardiol Chorwacja
43%
16 Rodri Hiszpania
42%
20 Joshua Kimmich Niemcy
39%
13 Rafael Leão Portugalia
34%
11 Aurélien Tchouameni Francja
33%
15 Declan Rice Anglia
32%
24 Luis Díaz Kolumbia
32%
23 Antony Brazylia
20%
18 Christopher Nkunku Francja
14%
Nie znaleziono quizów pasujących do podanych kryteriów
Rozkład punktacji
Procent ludzi z każdym wynikiem
Percentyl według liczby udzielonych odpowiedzi
Twoja historia wyników
Nie rozwiązałeś tego quizu